| 000 | 00649nam a2200217Ia 4500 | ||
|---|---|---|---|
| 003 | OSt | ||
| 005 | 20260424145804.0 | ||
| 008 | 210210b1986 xxu||||| |||| 00| 0 eng d | ||
| 040 | _cAL | ||
| 041 | _aKannada | ||
| 082 | _a796.522K RAJP | ||
| 100 |
_aRAJAGOPAL (M). _dಎಂ. ರಾಜಗೋಪಾಲ್ _9262638 |
||
| 245 |
_aPindari dairiyinda. _bಪಿಂಡಾರಿ ಡೈರಿಯಿಂದ |
||
| 260 |
_aSaligrama _bAtreya Prakashana _c1986 |
||
| 300 | _a129 | ||
| 650 |
_aMountaineering _9262639 |
||
| 650 |
_a (From the Diary of a Pindari) _9262640 |
||
| 690 |
_aAthletic & Outdoor Sports _9262641 |
||
| 906 | _a040316 | ||
| 942 |
_2ddc _cBK |
||
| 999 |
_c90269 _d90269 |
||